00575nam a2200157Ia 4500008004100000024005600041082001600097100006600113110002300179245001100202260002600213600002100239650003300260856010700293999001700400260210s9999 xx 000 0 und d a18B-131-CS, 18B-108-CS, 18B-110-CS & 18B-010-SE a005.072 ALI aArisha Ali, Rija Shakir, Syed Bilal Ali & Raheel Siddiqui aEngr. Fauzan Saeed 0aLINKLY aKarachi:bUITU,c2018 aComputer Science aBachelor of Engineering (BE) uhttps://drive.google.com/file/d/1tofMDxgOiZVbKFSD_dhdz7b55o440cvm/view?usp=sharingyClick here for PDF c32490d32490